|
|
|
|
| LEADER |
01534nam a2200289 a 4500 |
| 001 |
13507466 |
| 008 |
101028r2004 caua b 001 0 eng d |
| 010 |
|
|
|a 2004268209
|
| 020 |
|
|
|a 1558606998
|
| 020 |
|
|
|a 8181473698
|
| 020 |
|
|
|a 155860698X (pbk.)
|
| 040 |
|
|
|a UKM
|c UKM
|d TXA
|d GZM
|d EYM
|d DLC
|d BD-DhAAL
|
| 082 |
0 |
0 |
|a 005.4/53
|2 22
|
| 100 |
1 |
|
|a Cooper, Keith D.
|q (Keith Daniel)
|
| 245 |
1 |
0 |
|a Engineering a compiler /
|c Keith D. Cooper and Linda Torczon.
|
| 260 |
|
|
|a San Francisco :
|b Morgan Kaufmann ;
|a New Delhi :
|b Elsevier,
|c c2004.[Reprinted]
|
| 300 |
|
|
|a xxx, 801 p. :
|b ill. ;
|c 24 cm.
|
| 504 |
|
|
|a Includes bibliographical references (p. 703-724) and index.
|
| 541 |
|
|
|e 00015795
|
| 650 |
|
0 |
|a Compilers (Computer programs)
|
| 700 |
1 |
|
|a Torczon, Linda.
|
| 852 |
4 |
|
|a Ayesha Abed Library
|j General shelf
|
| 999 |
|
|
|c 9995
|d 9995
|
| 952 |
|
|
|0 0
|1 0
|2 ddc
|4 0
|6 005_453000000000000_COO_2004
|7 0
|9 12981
|a BRACUL
|b BRACUL
|c GEN
|d 2010-11-01
|l 2
|m 3
|o 005.453 COO
|p 3010015795
|r 2025-08-15
|s 2025-07-20
|t 1
|w 2010-11-01
|y BK
|
| 952 |
|
|
|0 0
|1 0
|2 ddc
|4 0
|6 005_453000000000000_COO_2004
|7 0
|9 13392
|a BRACUL
|b BRACUL
|c GEN
|d 2010-12-02
|l 1
|m 29
|o 005.453 COO
|p 3010015794
|r 2024-11-18
|s 2023-12-28
|t 2
|w 2010-12-02
|y BK
|
| 952 |
|
|
|0 0
|1 0
|2 ddc
|4 0
|6 005_453000000000000_COO_2004
|7 0
|9 13393
|a BRACUL
|b BRACUL
|c GEN
|d 2010-12-02
|l 2
|m 1
|o 005.453 COO
|p 3010015796
|r 2025-07-05
|s 2025-06-22
|t 3
|w 2010-12-02
|y BK
|
| 952 |
|
|
|0 0
|1 0
|2 ddc
|4 0
|6 005_453000000000000_COO
|7 0
|9 13394
|a BRACUL
|b BRACUL
|c GEN
|d 2010-12-02
|g 533.00
|l 1
|m 8
|o 005.453 COO
|p 3010013105
|r 2024-06-03
|s 2024-03-28
|t 4
|w 2010-12-02
|y BK
|